Pomerové ukazovatele na báze peňažných tokov
Prehľad peňažných tokov a ukazovatele (absolútne, pomerové), ktoré charakterizujú finančnú situáciu účtovnej jendnotky. Finančná analýza prehľadu peňažných tokov a kvalita finančno-hospodárskeho riadenia účtovnej jednotky.
Enregistré dans:
| Auteur principal: | |
|---|---|
| Format: | Chapitre de livre |
| Langue: | slovaque |
| Sujets: | |
| Tags: |
Pas de tags, Soyez le premier à ajouter un tag!
|
MARC
| LEADER | 00000naa$a2200000$$$4500 | ||
|---|---|---|---|
| 001 | 0146835 | ||
| 005 | 20240502072642.9 | ||
| 041 | 0 | |a slo | |
| 044 | |a SK | ||
| 245 | 1 | 0 | |a Pomerové ukazovatele na báze peňažných tokov |c Miloš Sklenka |
| 520 | |a Prehľad peňažných tokov a ukazovatele (absolútne, pomerové), ktoré charakterizujú finančnú situáciu účtovnej jendnotky. Finančná analýza prehľadu peňažných tokov a kvalita finančno-hospodárskeho riadenia účtovnej jednotky. | ||
| 610 | 2 | 0 | |a jednotka účtovná |
| 610 | 2 | 0 | |a obdobie účtovné |
| 610 | 2 | 0 | |a účtovníctvo prevádzkové |
| 610 | 2 | 0 | |a účtovníctvo finančné |
| 610 | 2 | 0 | |a cash flow |
| 610 | 2 | 0 | |a záväzky podniku |
| 610 | 2 | 0 | |a výkaz ziskov a strát |
| 610 | 2 | 0 | |a analýza finančná |
| 610 | 2 | 0 | |a ukazovatele pomerové |
| 100 | 1 | |a Sklenka, Miloš | |